| 000 | 00524nam a2200157Ia 4500 | ||
|---|---|---|---|
| 008 | 170224s9999 xx 000 0 und d | ||
| 100 | _aWeiai Wayne Xu | ||
| 245 | _aNetworked Cultural Diffusion and Creation on YouTube: An Analysis of YouTube Memes | ||
| 245 | _cWeiai Wayne Xu, Ji Young Park, Ji Young Kim & Han Woo Park | ||
| 260 | _bJournal of Broadcasting & Electronic Media | ||
| 260 | _cMarch | ||
| 300 | _a60:1, Pages: 104-122 | ||
| 500 | _aMarch | ||
| 650 | _xCommunication Arts | ||
| 650 | _xMultimedia Arts | ||
| 999 |
_c316246 _d316246 |
||